000 00560nam a2200205Ia 4500
005 20250505145732.0
008 008 250505s9999 xx 000 0 eng d
037 _aTextbook
040 _aFML
_bhin
_cFML
041 _ahin
_2hin
084 _aNR44Oa(P) R3
_qFML
100 _aSharma, Radhika
245 0 _aBhartiya Sangeet Ko Media Aur Sansthano Ka Yogdan
260 _aDelhi
_bSanjay Prakashan
_c2023
300 _a387p
365 _aINR
_b1100
650 _aMusic
942 _cTB
_hNR44Oa(P) R3
999 _c1311685
_d1311685